Prvijenci i ostaci

Bibliographic Details
Main Author: Piksijades, Danijel, 1931-2024 (Author)
Format: Book
Language:Serbian
PhysicalDescription:82 strán 21 cm
Published: Beograd Alma 2017
ISBN:9788679745033
Edition:1. izdaje
Series:Biblioteka Savremena književnost
Subjects:

MARC

LEADER 00000cam a2200000 4500
001 vtls011780206
003 SK-MaSNL
005 20260302054734.0
008 200228s2017 rb gr 000 pdsrp
015 |a SNBZSA2018/12 
020 |a 9788679745033  |q (brožované) 
035 |a urn:nbn:sk:snk-am00dcgi 
035 |a urn:nbn:sk:snk-am3hxh7 
035 |a F6953797-6C75-4D4B-9EA4-A6FF622357C3 
040 |a SNK  |b slo  |c SNK  |e rda 
041 0 |a srp 
044 |a rb  |c RS 
072 7 |a 821.163  |x Južnoslovanské literatúry  |2 konspekt 
080 |a 821.163.41-1  |2 2011 
100 1 |a Piksijades, Danijel,  |d 1931-2024  |4 aut  |9 239821 
245 1 0 |a Prvijenci i ostaci  |c Danijel Piksijades 
250 |a 1. izdaje 
264 1 |a Beograd  |b Alma  |c 2017 
300 |a 82 strán  |c 21 cm 
336 |a text  |b txt  |2 rdacontent 
337 |a bez média  |b n  |2 rdamedia 
338 |a zväzok  |b nc  |2 rdacarrier 
490 1 |a Biblioteka Savremena književnost  |v Knjiga 235 
500 |a Biografické informácie o autorovi spolu s portrétom na strane 77-79 
655 7 |a srbská poézia  |2 SNKPH  |9 70688 
655 7 |a Serbian poetry  |2 SNKPHeng  |9 330910 
752 |a Srbsko  |d Belehrad 
830 0 |a Biblioteka Savremena književnost  |9 500154 
919 |a 978-86-7974-503-3 
958 |a ZS 
958 |a LX 
999 |c 1114496  |d 1116426 
952 |a SNK  |b SNK  |y PREZ  |7 0  |p 17A1349503  |o snkSC 181819  |i snk2018/25682  |8 2  |g 3.00  |0 0  |1 0  |4 0  |d 2018-09-20  |f 1  |l 0  |r 2026-02-24 18:12:10  |w 2026-02-24